00717nam a2200181 a 450000100100000000500170001000800410002702000150006804000250008310000490010824500900015726000680024730000440031550000250035950000290038495201050041399900170051800003528320200930074229.0111027s1988 sp 000 0 spa d a8400069218 aDO-SdBNPbspacBNPHU1 aAlonso Diago, María de los Angeles.96105010aHistoria de la tierra y de la vida /cM. Angeles Alonso Diago y Carmen Sesé Benito. aMadrid,España :bMuseo Nacional de Ciencias Naturales,c1988. a118 p. :bil., gráf., mapas ;c21 cm. aTexto a dos columnas4 aBibliografía: p. (116) 001050718MOaGRbGRcHDd2011-10-27iLF1l0o p35283-10r2020-06-25w2020-06-25y1ZNo se presta c34774d34774